| 000 -LEADER | |
|---|---|
| fixed length control field | 00424nam a22001697a 4500 |
| 005 - DATE AND TIME OF LATEST TRANSACTION | |
| control field | 20160521111539.0 |
| 008 - FIXED-LENGTH DATA ELEMENTS--GENERAL INFORMATION | |
| fixed length control field | 160521b xxu||||| |||| 00| 0 eng d |
| 020 ## - INTERNATIONAL STANDARD BOOK NUMBER | |
| ISBN | 0-07-463493-3 |
| 041 ## - LANGUAGE CODE | |
| Language code of text/sound track or separate title | eng |
| 082 ## - DEWEY DECIMAL CLASSIFICATION NUMBER | |
| Item number | 3719 |
| 100 ## - MAIN ENTRY--AUTHOR NAME | |
| Personal name | S.P. Gupta, G.S. Pandit R. Gupta |
| 245 ## - TITLE STATEMENT | |
| Title | Theory of Structures (Vol-1) |
| 260 ## - PUBLICATION, DISTRIBUTION, ETC. (IMPRINT) | |
| Place of publication | New Delhi |
| Name of publisher | TMH, |
| Year of publication | 2003 |
| 300 ## - PHYSICAL DESCRIPTION | |
| Number of Pages | 675 |
| 650 ## - SUBJECT ADDED ENTRY--TOPICAL TERM | |
| Topical Term | DIPLOMA ENGINEERING |
| 942 ## - ADDED ENTRY ELEMENTS (KOHA) | |
| Koha item type | Books |
| Lost status | Damaged status | Home library | Current library | Date acquired | Full call number | Accession Number | Koha item type | Shelving location |
|---|---|---|---|---|---|---|---|---|
| Lost | JRU Library | JRU Library | 21/05/2016 | 3719 | 3719 | Books | ||
| JRU Library | 21/05/2016 | 3719 | 3720 | Books | SHELF-43-N | |||
| JRU Library | 21/05/2016 | 3719 | 3721 | Books | SHELF-43-N | |||
| JRU Library | 21/05/2016 | 3719 | 3722 | Books | SHELF-43-N |